000
00328nam a2200133 4500
999
_c
8815
_d
8815
003
OSt
005
20210208163834.0
008
210208b ||||| |||| 00| 0 eng d
020
_a
5800104715955
082
_a
729
_b
WHI
100
_a
White T Edword
245
_a
Concept Sourcebook:A Vocabulary of Architectural Forms
942
_2
ddc